| 000 | 04756nam a22002657a 4500 | ||
|---|---|---|---|
| 001 | 3507 | ||
| 003 | FISKH | ||
| 005 | 20250530105904.0 | ||
| 008 | 240314b cb ||||| |||| 00| 0 eng d | ||
| 040 |
_aFISKH _bkhr _cFISKH _dFISKH |
||
| 050 | _aPZ7 | ||
| 082 | _a808.543 | ||
| 100 | _aThaem, Nhok | ||
| 245 |
_aកុលាបប៉ៃលិន / _cនិពន្ធដោយ ញ៉ុក ថែម |
||
| 250 | _aReedition on 2001 | ||
| 260 |
_aភ្នំពេញ : _bក្រសួងអប់រំ យុវជន និងកីឡា, _c1960. |
||
| 300 |
_a76 pages : _billustrations ; _c22 cm |
||
| 500 | _aអក្សរសិល្ប៍ខ្មែរតាមកម្មវិធីសិក្សា | ||
| 520 | _aនៅរាត្រីមួយ ចៅចិត្របានច្រៀងបទយវាភិរម្យនៅក្នុងខ្ទមរបស់ខ្លួនធ្វើឲ្យ ឃុន នារី ដែលចុះមកកម្សាន្តក្នុងសួនច្បារ លឺសូរពិរោះពេកទ្រាំមិនបាន នាងលបចូលទៅស្ដាប់ព្រមទាំងចូលទៅសួរនាំនៅរៀងរ៉ាវផ្សេងៗ ហើយយុវជនចិត្រ ក៏បបួលឃុន នារីទៅអង្គុយជជែកគ្នាពីនេះពីនោះមិនចេះចប់ ជួនក៏ត្រូវគ្នា ជួនក៏ខុសចិត្តគ្នាតែពោរពេញដោយមនោសញ្ចេតនា ក្រោមពន្លឺព្រះច័ន្ទនាពេលរាត្រី ។ លុះស្អែកឡើង ចៅចិត្រក៏ចេញទៅជិកត្បូងដូចធម្មតា ប៉ុន្តែគាប់ជួនជាចៃដន្យល្អ ចៅចិត្រក៏ជួយរវៃរថយន្យតាសុនបានឆេះ រួច៏បើករថយន្តជំនួសតាសុន ជូនលោកហ្លួង រតនៈ និងនាងឃុន នារីទៅទទួលលោកបាឡាត់នៅឯស្រុក សង្កែ ខេត្តបាត់ដំបង។ ក្នុងការជូនដំណើរចៅហ្វាយទៅស្រុកសង្កែនេះ ចៅចិត្រមិនមានកិច្ចការអ្វីក្រៅពីធ្វើជាអ្នកបើករថយន្ត និងកាន់កន្ត្រកដើរតាម ឃុននារីទៅទិញឥវ៉ាន់ឯផ្សារនោះឡើយ ។ លុះទិញឥវ៉ាន់រួចហើយ ឃុននារី ក៏នាំចៅចិត្រទៅទទួលលោកហ្លួងរតនៈសម្បត្តិ និងលោកបាឡាត់ឯស្រុកសង្កែហើយ វិលទៅប៉ៃលិនវិញ។ ដល់កណ្ដាលផ្លូវរថយន្តក៏ខូចដែលបណ្ដាលឲ្យមានការទាស់ទែងខ្វែងសម្ដីគ្នាខ្លះ រវាងលោកបាឡាត់និងចៅចិត្រ ព្រោះតែម្នាក់ៗសុទ្ធតែមានការប្រច័ណ្ឌទៅលើសម្រស់នាង ឃុន នារី។ | ||
| 520 | _aOne night, Chao Chet sang the song "Va Phirum" in his hut, making Khun Neary, who came down to the park, hear the beautiful sound, she could not resist, she snuck in to listen and interrogate him. And Chao Chit asked Khun Neary to sit and talk from time to time, sometimes endlessly, sometimes disagree, but full of emotion under the moonlight at night. The next day, Chao Chet went out to dig for gems as usual, but fortunately, Chao Chet helped drive the Tason car, which caught fire and drove instead of Tason to Mr. Luong Rattanak and Ms. Khun Neary to receive Mr. Ballard at the district. Sangke, Battambang province. In sending the boss to Sangke district, Chao Chet has no job but to be the driver and carry the basket with Khun Neary to go shopping at the market. After shopping, Khun Neary took Chao Chet to receive Mr. Luong Ratanak Sambath and Mr. Ballat in Sangke district and return to Pailin. In the middle of the road, the car broke down, which caused some disagreement between Mr. Ballat and Chao Chet because everyone was jealous of Khun Neary's beauty. | ||
| 650 |
_aកុលាបប៉ៃលិន _vរឿងនិទាន |
||
| 650 |
_aPailin Rose _vStory telling |
||
| 942 |
_2ddc _cKHB _n0 |
||
| 999 |
_c3507 _d3507 |
||